| 000 | 01122nam a2200301 i 4500 | ||
|---|---|---|---|
| 001 | 66626 | ||
| 003 | ES-MaACL | ||
| 005 | 20230906165736.0 | ||
| 007 | t| | ||
| 008 | 010618s2001 sp ||||0| spa d | ||
| 020 | _a84-8017-146-4 | ||
| 040 |
_aM-BN _bspa _cM-BN |
||
| 080 | _a821.134.2-14"19" | ||
| 100 | 1 |
_aGen-Möra. _956290 |
|
| 245 | 1 | 0 |
_aMareas humanas _b: (poemas) / _cGen-Möra, Victoria Pereira-Lía ; prólogo de José Bárcena ; epílogo de Pablo Valladolid ; [dibujos interiores de Aurora Martín Casado]. |
| 260 |
_aMadrid : _bBetania, _c[2001] |
||
| 300 |
_a103 p. : _bil. ; _c21 cm. |
||
| 490 | 1 | _aColección Betania de poesía | |
| 505 | 8 | _aContiene: Cuna de sal__ es la mar / Gen Möra. Donde el agua dejó de ser silencio / Victoria Pereira-Lía | |
| 700 | 1 |
_aPereira-Lía, Victoria. _990488 |
|
| 700 | 1 |
_aBárcena, José. _925532 |
|
| 700 | 1 |
_aValladolid, Pablo. _9112738 |
|
| 740 | 0 | _aCuna de sal__ es la mar. | |
| 740 | 0 | _aDonde el agua dejó de ser silencio. | |
| 830 | 0 |
_aColección Betania de poesía _9179829 |
|
| 852 |
_aES-MaACL _jL-27098 _bR.132612 |
||
| 999 |
_c66626 _d66626 |
||